| 000 | 00367nam a2200121Ia 4500 | ||
|---|---|---|---|
| 008 | 220204s9999 xx 000 0 und d | ||
| 082 |
_a658:63 _bDRI.1 |
||
| 245 | 0 | _aAgribusiness management resource materials. V 1. Introduction to agribusiness management | |
| 260 |
_aTokyo _bAsian Productivity _c1971 |
||
| 650 | _aAgribusiness | ||
| 700 | _aDrilon, J D | ||
| 942 | _cBK | ||
| 999 |
_c28272 _d28272 |
||